The noble scholar, jurist, historian


 His Excellency Dr. Abdul Wahhab bin Ibrahim Abu Sulaiman, may Allah have mercy on him.


 He was born in Umm Al-Qura in the year 1356 AH.

كنز الدقائق في الفقه الحنفي / (Record no. 13941)

MARC details
000 -LEADER
fixed length control field 01102cam a22002531i 4500
003 - CONTROL NUMBER IDENTIFIER
control field SA_RiAUC
005 - DATE AND TIME OF LATEST TRANSACTION
control field 20260107113556.0
008 - FIXED-LENGTH DATA ELEMENTS--GENERAL INFORMATION
fixed length control field 260101s2011____le g 000 0 ara c
040 ## - CATALOGING SOURCE
Original cataloging agency SA-JeALM
Language of cataloging ara
Transcribing agency SA-RiAUC
Description conventions rda
082 04 - DEWEY DECIMAL CLASSIFICATION NUMBER
Classification number 258.1
Assigning agency SA-RiAUC
090 ## - LOCALLY ASSIGNED LC-TYPE CALL NUMBER (OCLC); LOCAL CALL NUMBER (RLIN)
Classification number (OCLC) (R) ; Classification number, CALL (RLIN) (NR) 258.1
100 1# - MAIN ENTRY--PERSONAL NAME
Personal name النسفي، عبد الله بن أحمد بن محمود،
Dates associated with a name توفي 710 هجري
Relator term مؤلف.
245 10 - TITLE STATEMENT
Title كنز الدقائق في الفقه الحنفي /
Statement of responsibility, etc. حافظ الدين أبو البركات النسفي ؛ تحقيق وتعليق سائد بكداش.
250 ## - EDITION STATEMENT
Edition statement الطبعة الأولى.
264 #1 - PRODUCTION, PUBLICATION, DISTRIBUTION, MANUFACTURE, AND COPYRIGHT NOTICE
Place of production, publication, distribution, manufacture بيروت :
-- المدينة المنورة :
Name of producer, publisher, distributor, manufacturer دار البشائر الإسلامية ؛
-- دار السراج،
Date of production, publication, distribution, manufacture, or copyright notice 2011
300 ## - PHYSICAL DESCRIPTION
Extent 723 صفحة ؛
Dimensions 24 سم
336 ## - CONTENT TYPE
Content type term نص
Content type code txt
Source rdacontent
Materials specified كتاب
337 ## - MEDIA TYPE
Media type term بدون وسيط
Media type code n
Source rdamedia
338 ## - CARRIER TYPE
Carrier type term مجلد
Carrier type code nc
Source rdacarrier
650 #7 - SUBJECT ADDED ENTRY--TOPICAL TERM
Topical term or geographic name entry element الفقه الحنفي
Source of heading or term aucsh
700 1# - ADDED ENTRY--PERSONAL NAME
Personal name بكداش، سائد بن محمد بن يحيى
Relator term محقق.
942 ## - ADDED ENTRY ELEMENTS (KOHA)
Source of classification or shelving scheme Dewey Decimal Classification
Koha item type Books
Suppress in OPAC No
949 ## - LOCAL PROCESSING INFORMATION (OCLC)
a SA-JeALM
d 260101
u osman123
n 1
Holdings
Withdrawn status Lost status Source of classification or shelving scheme Damaged status Not for loan Home library Current library Date acquired Total checkouts Full call number Barcode Date last seen Price effective from Koha item type
    Dewey Decimal Classification     DR AbdElwahab Library DR AbdElwahab Library 01/07/2026   258.1 ن س ف 000022303 01/07/2026 01/07/2026 Books